عرض عادي عرض مارك
  • European Workshop on Security in Ad-Hoc and Sensor Networks

مدخل إسم مؤتمر

عدد التسجيلات المستخدمة في: 1

001 - رقم الضبط

  • حقل الضبط: 39859

003 - معرف رقم الضبط

  • حقل الضبط: OSt

005 - تاريخ ووقت أخر عملية

  • حقل الضبط: 20131116103409.0

008 - عناصر بيانات ثابتة الطول

  • حقل تحكم ثابت الطول: 131116|||a|||||| | ||| d

040 ## - مصدر الفهرسة

  • هيئة الفهرسة الأصلية: OSt
  • وكالة الكتابة: OSt

111 ## - مدخل -- اسم مؤتمر

  • اسم الملتقي او اسم السلطه كعنصر مدخل: European Workshop on Security in Ad-Hoc and Sensor Networks
  • رقم الجزء / القسم/ الملتقي: (1st :
  • تاريخ المؤتمر: 2004 :
  • مكان الملتقي: Heidelberg, Germany)

670 ## - بيانات المصدر موجوده

  • الاستشهاد بالمصدر: Work cat.: (OSt)0: European Workshop on Security in Ad-Hoc and Sensor Networks (1st : 2004 : Heidelberg, Germany), Security in ad-hoc and sensor networks :, c2005.